000 004200000a22001090004500
090 _aAS
_bSeriadas
245 1 0 _aCrítica a la asignación de la categoría de amenaza de Gastrotheca ruizi (Amhpibia: Anura: Hylidae)
041 0 _aEspañol
100 1 _aMueses Cisneros, Jonh Jairo
_9100361
942 _cARTICULO
773 1 _tRevista de la Academia Colombiana de Ciencias Exactas, Físicas y Naturales
_h111
_q303-308
_d2005
_g29
999 _c16197
_d16197